Sessant'anni in un'ora
Guardat en:
| Autor principal: | |
|---|---|
| Format: | Llibre |
| Idioma: | italià |
| Publicat: |
Milán
Domus
1962
|
| Matèries: | |
| Etiquetes: |
Afegir etiqueta
Sense etiquetes, Sigues el primer a etiquetar aquest registre!
|
MARC
| LEADER | 00000nam a2200000 a 4500 | ||
|---|---|---|---|
| 001 | UCV9440 | ||
| 003 | CL-VaPUC | ||
| 008 | 920929e19620000IT |||||||||||||||||ita|d | ||
| 082 | 0 | 4 | |a 940.28 |b SER |2 21 |
| 100 | 0 | |a Serra, Michele |e author |9 303448 | |
| 245 | 1 | 0 | |a Sessant'anni in un'ora |
| 300 | |a 39 p | ||
| 942 | |c BK | ||
| 945 | |d 19920929 00:00:00 | ||
| 260 | |a Milán |b Domus |c 1962 | ||
| 650 | 0 | |a Historia siglo 20 |9 255736 | |
| 651 | 0 | |a Europa |9 255156 | |
| 583 | |a last modification |c 19920929 00:00:00 |k Rodrigo Vera | ||
| 999 | |c 214778 |d 214776 | ||
| 952 | |0 0 |1 0 |4 0 |6 940_280000000000000_SER_1962 |7 0 |8 F |9 198492 |a BIBARQ |b BIBARQ |d 2019-11-14 |i 265945K |o 940.28 SER 1962 |p 265945K |r 2025-01-20 |w 2019-11-14 |y BK_F |k ARQ | ||